Statistiques concernant QA #16 - Test de mémoire à court terme - Version Noël

Cliquez ici pour prendre le quiz!

Statistiques générales

  • Ce quiz a été pris 219 fois
  • Le résultat moyen est 10 sur 15

Statistiques - réponses

Mots% Correct
Christianisme
94%
Or
89%
Skier
88%
Etoile
85%
Rudolph
84%
Rouge
83%
Sapin
83%
Cadeau
82%
Crèche
82%
Décembre
82%
Joyeux
82%
Neige
82%
Traineau
82%
Guirlande
81%
Dinde
80%
Pôle
80%
Jésus
79%
Oie
79%
Hotte
78%
Ane
77%
Flocon
77%
Mouton
77%
Offrir
77%
Avent
76%
Champagne
75%
Chocolat
75%
Finlande
75%
Joie
74%
Noël
74%
Bœuf
73%
Hiver
73%
Recevoir
73%
Enfant
72%
Lutin
72%
Chaussette
71%
Marie
71%
Famille
69%
Joseph
69%
Magie
69%
Nœud
69%
Repas
69%
Chanson
68%
Ange
67%
Berger
67%
Envoyer
67%
Myrrhe
67%
Ruban
67%
Santa
67%
Bonbon
64%
Calisson
64%
Renne
64%
Boule
63%
Chanter
63%
Houx
63%
Lettre
62%
Messe
60%
Minuit
58%
Cheminée
57%
Calendrier
56%
Noix
55%
Nuit
55%
Ouvrir
55%
Décoration
54%
Liste
54%
Vert
54%
Bonnet
53%
Manger
53%
Réveillon
53%
Bougie
50%
Elfe
50%
Encens
50%
Huître
50%
Mage
50%
Nougat
50%
Gui
47%
Froid
46%
Cloche
44%
Marché
42%
Fêter
40%
Geler
29%
Jouet
27%
Poinsettia
24%
Boire
18%

Distribution des résultats

Percentile par nombre de réponses

% des personnes avec chaque résultat

Votre développement - résultats

Vous n’avez pas pris ce quiz